| 000 | 00316 a2200133 4500 | ||
|---|---|---|---|
| 999 |
_c325403 _d325403 |
||
| 001 | 90330 | ||
| 003 | NUST | ||
| 082 | _a891.4391 WAS | ||
| 100 |
_aWasi Shah _99705 |
||
| 245 |
_aTeri Meri Nishanian _hUrdu |
||
| 260 |
_aLahore _bjasim Publications _c2013 |
||
| 300 | _a320p. | ||
| 500 | _aGeneral Books | ||
| 942 |
_aCAE NUST _cBK _k891.4391 WAS _2ddc |
||